Tại sao người Do Thái xuất sắc?
Quyển sách là tác phẩm nghiên cứu của học giả Nhật Bản Yuro Teshima về lịch sử dân tộc Do Thái, về cách mà người Do Thái sinh tồn cùng nhiều phương diện trong đời sống của họ, về lối sống và lối nghĩ của người Do Thái trong các lĩnh vu...
محفوظ في:
| المؤلف الرئيسي: | |
|---|---|
| مؤلفون آخرون: | |
| التنسيق: | كتاب |
| اللغة: | Vietnamese |
| منشور في: |
H.
Hồng Đức
2022
|
| الموضوعات: | |
| الوسوم: |
إضافة وسم
لا توجد وسوم, كن أول من يضع وسما على هذه التسجيلة!
|
| Thư viện lưu trữ: | Thư viện Trường Đại học Nam Cần Thơ |
|---|
| LEADER | 01236nam a22002057a 4500 | ||
|---|---|---|---|
| 001 | NCT_4_010491 | ||
| 008 | 240618b xxu||||| |||| 00| 0 vie d | ||
| 999 | |c 8472 |d 8472 | ||
| 020 | |a 9786043619751 |c 99000 | ||
| 082 | 0 | 4 | |2 23rd ed. |a 305.8924 |b T74 |
| 100 | 1 | |a Teshima, YùRò | |
| 245 | 1 | 0 | |a Tại sao người Do Thái xuất sắc? |c YùRò Teshima ; Lê Tiến Thành (Dịch) |
| 260 | |a H. |b Hồng Đức |c 2022 | ||
| 300 | |a 240 tr. |c 21cm | ||
| 520 | 3 | |a Quyển sách là tác phẩm nghiên cứu của học giả Nhật Bản Yuro Teshima về lịch sử dân tộc Do Thái, về cách mà người Do Thái sinh tồn cùng nhiều phương diện trong đời sống của họ, về lối sống và lối nghĩ của người Do Thái trong các lĩnh vực kinh tế, giáo dục, xã hội, luân lý, lịch sử và tôn giáo. | |
| 653 | |a Tham khảo | ||
| 700 | 1 | |a Lê Tiến Thành |e Dịch | |
| 942 | |2 ddc |c BK | ||
| 952 | |0 0 |1 0 |2 ddc |4 0 |6 305_892400000000000_T74 |7 0 |9 29155 |a 000001 |b 000001 |d 2024-06-18 |o 305.8924 T74 |p TK.04349 |r 2024-06-18 |v 99000.00 |w 2024-06-18 |y BK | ||
| 980 | |a Thư viện Trường Đại học Nam Cần Thơ | ||


